[Event "Koblenz-ch"]
[Site "Koblenz"]
[Date "2004.11.16"]
[Round "7"]
[White "Scheffler, Siegfried"]
[Black "Bosma, Achim"]
[Result "0-1"]
[WhiteElo "1413"]
[BlackElo "1890"]
[PlyCount "120"]
[EventDate "2004.09.21"]
[EventType "swiss"]
[EventRounds "7"]
[EventCountry "GER"]
[SourceTitle "EXT 2005"]
[Source "ChessBase"]
[SourceDate "2004.11.15"]
[SourceVersion "1"]
[SourceVersionDate "2004.11.15"]
[SourceQuality "1"]

1. e4 c6 2. c4 d5 3. cxd5 cxd5 4. exd5 Nf6 5. Nc3 g6 6. d4 Bg7 7. Nf3 0-0 8. Bc4 a6 9. a4 Bg4 10. Qd3 Bxf3 11. Qxf3 Nbd7 12. Be3 Rc8 13. Bb3 Qb6 14. Qd1 Ne8 15. 0-0 Nd6 16. a5 Qa7 17. Na4 Nf5 18. Nc5 Nxe3 19. fxe3 Nxc5 20. dxc5 Qxc5 21. Qe2 Qb4 22. Bd1 Qxb2 23. Qxb2 Bxb2 24. Rb1 Bc3 25. Rxb7 Bxa5 26. Rxe7 Bb6 27. d6 Rfd8 28. Rfxf7 Bxe3+ 29. Kf1 Rf8 30. Rxf8+ Rxf8+ 31. Ke2 Bc5 32. Bb3+ Kh8 33. Re6 Rd8 34. d7 Rxd7 35. Rxa6 Re7+ 36. Re6 Rb7 37. Bd5 Rc7 38. h3 Kg7 39. Kd3 Rd7 40. Ke4 Bg1 41. h4 Kh6 42. g4 Ra7 43. h5 Ra4+ 44. Kf3 Kg5 45. Re5+ Kh4 46. hxg6 hxg6 47. Be6 Ra3+ 48. Ke2 Kg3 49. Bd7 Kf4 50. Re8 Bc5 51. Kd2 Rg3 52. Ke2 Bb4 53. Rg8 Rg2+ 54. Kf1 Rd2 55. Bc8 g5 56. Rg7 Rc2 57. Rf7+ Kg3 58. Bf5 Rf2+ 59. Kg1 Bc5 60. Kh1 Rf1# 0-1

[Event "Koblenz-ch"]
[Site "Koblenz"]
[Date "2004.10.19"]
[Round "4"]
[White "Bosma, Achim"]
[Black "Roth, Joerg"]
[Result "1-0"]
[WhiteElo "1890"]
[BlackElo "1701"]
[PlyCount "117"]
[EventDate "2004.09.21"]
[EventType "swiss"]
[EventRounds "7"]
[EventCountry "GER"]
[SourceTitle "EXT 2005"]
[Source "ChessBase"]
[SourceDate "2004.11.15"]
[SourceVersion "1"]
[SourceVersionDate "2004.11.15"]
[SourceQuality "1"]

1. d4 f5 2. g3 Nf6 3. Bg2 g6 4. c3 Bg7 5. Qb3 c6 6. Nh3 d5 7. 0-0 0-0 8. Nf4 Kh8 9. Nd2 Qe8 10. Nf3 e6 11. Nd3 Nbd7 12. Bf4 Nh5 13. Bd6 Rg8 14. Nde5 Nxe5 15. dxe5 Bf8 16. c4 b6 17. Qc3 Ba6 18. cxd5 cxd5 19. Rfe1 Bh6 20. e3 Qd7 21. Qa3 Bb7 22. Nd4 Bf8 23. Bxf8 Rgxf8 24. Bf1 a6 25. Rac1 Rfc8 26. f4 Ng7 27. Qb4 b5 28. Nb3 Rxc1 29. Rxc1 Qd8 30. Na5 Qb6 31. Kf2 h5 32. Nxb7 Qxb7 33. Qc5 Kg8 34. Be2 Ra7 35. Qd6 Kf7 36. Qd8 Qe7 37. Qa5 Ne8 38. Rc6 Qb7 39. Qc3 Nc7 40. Qc5 Ne8 41. b3 Qe7 42. Qb6 Qb7 43. Qxb7+ Rxb7 44. Rxa6 b4 45. a3 bxa3 46. Rxa3 Nc7 47. b4 Nb5 48. Rb3 d4 49. Bxb5 dxe3+ 50. Kxe3 Rxb5 51. Rb2 Ke7 52. Kd4 Rd5+ 53. Kc4 g5 54. b5 gxf4 55. gxf4 Kd7 56. Rg2 Rd1 57. Rg7+ Kd8 58. Kc5 Rc1+ 59. Kd6 1-0

[Event "Koblenz-ch"]
[Site "Koblenz"]
[Date "2004.10.05"]
[Round "3"]
[White "Sanner, Dennis"]
[Black "Bosma, Achim"]
[Result "1-0"]
[WhiteElo "2297"]
[BlackElo "1890"]
[PlyCount "83"]
[EventDate "2004.09.21"]
[EventType "swiss"]
[EventRounds "7"]
[EventCountry "GER"]
[SourceTitle "EXT 2005"]
[Source "ChessBase"]
[SourceDate "2004.11.15"]
[SourceVersion "1"]
[SourceVersionDate "2004.11.15"]
[SourceQuality "1"]

1. e4 c6 2. d4 d5 3. Nd2 dxe4 4. Nxe4 Nf6 5. Nxf6+ gxf6 6. Bf4 Bf5 7. Ne2 e6 8. Ng3 Bg6 9. h4 h5 10. Qd2 Nd7 11. 0-0-0 Nb6 12. Be3 Qd5 13. Kb1 0-0-0 14. Qc3 Kb8 15. Be2 Qd7 16. Bf3 Nd5 17. Qd2 Ka8 18. Ka1 Qc7 19. Qe2 Nb4 20. Rc1 Qa5 21. Qc4 Nd5 22. Ne4 Be7 23. Bd2 Qc7 24. Rhe1 Nb6 25. Qc3 f5 26. Nc5 Bf6 27. Nb3 Qd6 28. g3 Na4 29. Qa5 Nb6 30. Bf4 Qe7 31. c4 Bxd4 32. Nxd4 Rxd4 33. Be3 Rhd8 34. Bxd4 Rxd4 35. Qe5 Qd8 36. Red1 Rxd1 37. Rxd1 Qb8 38. Qf6 Nc8 39. Rd7 a6 40. Qh8 Ka7 41. Rd8 Qe5 42. Qxe5 1-0

[Event "Koblenz-ch"]
[Site "Koblenz"]
[Date "2004.09.21"]
[Round "1"]
[White "Petersen, Kay"]
[Black "Bosma, Achim"]
[Result "0-1"]
[WhiteElo "1510"]
[BlackElo "1890"]
[PlyCount "76"]
[EventDate "2004.09.21"]
[EventType "swiss"]
[EventRounds "7"]
[EventCountry "GER"]
[SourceTitle "EXT 2005"]
[Source "ChessBase"]
[SourceDate "2004.11.15"]
[SourceVersion "1"]
[SourceVersionDate "2004.11.15"]
[SourceQuality "1"]

1. d4 Nf6 2. c4 c5 3. e3 cxd4 4. exd4 d5 5. Nf3 Bg4 6. Be2 dxc4 7. Bxc4 e6 8. Be3 Bb4+ 9. Nc3 0-0 10. 0-0 Bxc3 11. bxc3 Qc7 12. Qd3 Bxf3 13. gxf3 Qc6 14. Bg5 Nbd7 15. Rac1 a6 16. Bb3 Rad8 17. Qe3 b5 18. h3 Rc8 19. Kh1 Nd5 20. Bxd5 exd5 21. Rg1 Rfe8 22. Qd2 Re6 23. Rg4 Rce8 24. Be3 Nb6 25. Rcg1 g6 26. Qc1 Nc4 27. Re1 f5 28. Rgg1 Qd7 29. Bf4 Re2 30. Rxe2 Rxe2 31. a3 Rxf2 32. Rg3 Qe6 33. Rg1 Re2 34. h4 h5 35. Rf1 Nd2 36. Bxd2 f4 37. Kg1 Qh3 38. Rf2 Qg3+ 0-1

[Event "Koblenz-ch"]
[Site "Koblenz"]
[Date "2003.11.18"]
[Round "6"]
[White "Melnikov, Alexander"]
[Black "Bosma, Achim"]
[Result "1-0"]
[WhiteElo "1931"]
[BlackElo "1916"]
[PlyCount "103"]
[EventDate "2003.09.23"]
[EventType "swiss"]
[EventRounds "7"]
[EventCountry "GER"]
[SourceTitle "EXT 2005"]
[Source "ChessBase"]
[SourceDate "2004.11.15"]
[SourceVersion "1"]
[SourceVersionDate "2004.11.15"]
[SourceQuality "1"]

1. e4 c6 2. f4 g6 3. Be2 Bg7 4. d3 d6 5. c3 Nd7 6. Nf3 Qb6 7. Na3 d5 8. e5 e6 9. d4 Ne7 10. 0-0 Nf5 11. g4 Nh6 12. h3 a6 13. b4 Qd8 14. Be3 b5 15. Qd2 Ng8 16. f5 gxf5 17. gxf5 h5 18. fxe6 Nxe5 19. dxe5 Bxe6 20. Kh2 Qc7 21. Nc2 Nh6 22. Ncd4 0-0-0 23. Nxe6 fxe6 24. Bxh6 Bxh6 25. Qd4 Rdf8 26. Nh4 Rfg8 27. Rg1 Bg7 28. Ng6 Rh6 29. Kh1 Kb7 30. a4 Rxg6 31. Rxg6 Bxe5 32. Qg1 Rxg6 33. Qxg6 Bxc3 34. Rf1 Bxb4 35. Rf7 Be7 36. Qg7 Kb6 37. Rxe7 Qf4 38. Rxe6 d4 39. Qf6 Qc1+ 40. Qf1 Qxf1+ 41. Bxf1 bxa4 42. Kg2 a3 43. Re2 Kc5 44. Rc2+ Kb4 45. Rxc6 a2 46. Rxa6 Kb3 47. Bc4+ Kxc4 48. Rxa2 Kb3 49. Ra1 Kb2 50. Rg1 d3 51. Kg3 d2 52. Kh4 1-0

[Event "Koblenz-ch"]
[Site "Koblenz"]
[Date "2003.09.30"]
[Round "2"]
[White "Graw, Rolf"]
[Black "Bosma, Achim"]
[Result "0-1"]
[WhiteElo "1656"]
[BlackElo "1916"]
[PlyCount "90"]
[EventDate "2003.09.23"]
[EventType "swiss"]
[EventRounds "7"]
[EventCountry "GER"]
[SourceTitle "EXT 2005"]
[Source "ChessBase"]
[SourceDate "2004.11.15"]
[SourceVersion "1"]
[SourceVersionDate "2004.11.15"]
[SourceQuality "1"]

1. e4 c6 2. d4 d5 3. exd5 cxd5 4. c4 Nf6 5. Nc3 g6 6. Nf3 Bg7 7. Qb3 0-0 8. cxd5 a6 9. Bd3 Nbd7 10. 0-0 Nb6 11. Re1 Nbxd5 12. Bg5 Nc7 13. Rad1 Ne6 14. d5 Nxg5 15. Nxg5 b5 16. Be2 Ne8 17. Rd3 Nd6 18. Bf3 Bh6 19. Nce4 Bf5 20. Rc3 Qd7 21. Nc5 Qa7 22. Nge4 Rac8 23. g4 Bxe4 24. Nxe4 Rxc3 25. Qxc3 Rc8 26. Qd3 Qc7 27. Nc3 Bg5 28. Kg2 Nc4 29. Nd1 Bf6 30. Qe4 Qd6 31. b3 Nd2 32. Qd3 Nxf3 33. Qxf3 Rc1 34. a4 Qb4 35. Re4 Qd2 36. axb5 axb5 37. d6 Qxd6 38. Ne3 Rb1 39. Nc2 Qd2 40. Na3 Ra1 41. Nxb5 Qc1 42. Re3 Qf1+ 43. Kg3 Qxb5 44. Qe2 Rg1+ 45. Kh3 Qg5 0-1

[Event "Koblenz-ch"]
[Site "Koblenz"]
[Date "2003.09.23"]
[Round "1"]
[White "Bosma, Achim"]
[Black "Kober, Jan"]
[Result "1-0"]
[WhiteElo "1916"]
[BlackElo "1547"]
[PlyCount "65"]
[EventDate "2003.09.23"]
[EventType "swiss"]
[EventRounds "7"]
[EventCountry "GER"]
[SourceTitle "EXT 2005"]
[Source "ChessBase"]
[SourceDate "2004.11.15"]
[SourceVersion "1"]
[SourceVersionDate "2004.11.15"]
[SourceQuality "1"]

1. d4 Nf6 2. Nf3 b6 3. Bf4 Bb7 4. Nbd2 g6 5. c3 Bg7 6. Qc2 d5 7. g3 Nbd7 8. Bg2 0-0 9. Ne5 e6 10. Bg5 Qc8 11. Nxd7 Qxd7 12. Bxf6 Bxf6 13. 0-0 c6 14. e4 Bg7 15. e5 c5 16. Rfe1 Rac8 17. Qd3 cxd4 18. cxd4 Rc7 19. Rac1 Rfc8 20. Rxc7 Rxc7 21. Nf1 Qa4 22. a3 Ba6 23. Qe3 Qc2 24. Qg5 Rc8 25. Ne3 Qc6 26. Ng4 Qa4 27. Nf6+ Bxf6 28. exf6 Qxd4 29. Bf1 Bxf1 30. Rxf1 Qxb2 31. h4 Qxa3 32. h5 Qd3 33. Qh6 1-0

[Event "Koblenz-ch"]
[Site "Koblenz"]
[Date "2000.11.14"]
[Round "6"]
[White "Schnur, Edmund"]
[Black "Bosma, Achim"]
[Result "1/2-1/2"]
[WhiteElo "1973"]
[BlackElo "1869"]
[PlyCount "63"]
[EventDate "2000.08.29"]
[EventType "swiss"]
[EventRounds "7"]
[EventCountry "GER"]
[SourceTitle "EXT 2005"]
[Source "ChessBase"]
[SourceDate "2004.11.15"]
[SourceVersion "1"]
[SourceVersionDate "2004.11.15"]
[SourceQuality "1"]

1. c4 Nf6 2. Nc3 e5 3. g3 Bc5 4. Bg2 d6 5. b4 Bd4 6. Bb2 c6 7. e3 Bxc3 8. Bxc3 0-0 9. Ne2 Bf5 10. d4 Ne4 11. Bb2 Qb6 12. a3 Nd7 13. 0-0 Ng5 14. h4 Ne4 15. g4 Nxf2 16. Rxf2 Bxg4 17. Bf3 f5 18. Ng3 Bxf3 19. Qxf3 f4 20. exf4 Rxf4 21. Qe2 Rxf2 22. Qxf2 Rf8 23. Qe2 Qd8 24. Rf1 Rxf1+ 25. Kxf1 Qxh4 26. Kg2 Qf4 27. c5 exd4 28. Qe6+ Qf7 29. Qxf7+ Kxf7 30. cxd6 c5 31. Ne4 b6 32. Kf3 1/2-1/2

[Event "Koblenz-ch"]
[Site "Koblenz"]
[Date "2000.10.17"]
[Round "4"]
[White "Bosma, Achim"]
[Black "Baumann, Bettina"]
[Result "1-0"]
[WhiteElo "1869"]
[BlackElo "1618"]
[PlyCount "111"]
[EventDate "2000.08.29"]
[EventType "swiss"]
[EventRounds "7"]
[EventCountry "GER"]
[SourceTitle "EXT 2005"]
[Source "ChessBase"]
[SourceDate "2004.11.15"]
[SourceVersion "1"]
[SourceVersionDate "2004.11.15"]
[SourceQuality "1"]

1. d4 d5 2. Nf3 Nf6 3. Bg5 Nc6 4. Bxf6 exf6 5. e3 Bd6 6. a3 0-0 7. c4 dxc4 8. Bxc4 Bg4 9. Nbd2 Qe7 10. Rc1 Nxd4 11. 0-0 Nxf3+ 12. Nxf3 Rad8 13. Qe2 Bf5 14. Nd4 Bg6 15. Nb5 a6 16. Nc3 b5 17. Ba2 c6 18. Qf3 Qe5 19. g3 Rc8 20. Bb1 Bxb1 21. Rxb1 b4 22. axb4 Bxb4 23. Na4 Qb5 24. b3 Rfd8 25. Rfd1 Rd3 26. Rdc1 a5 27. Rc4 Rd5 28. Kg2 Rf5 29. Qg4 Rc7 30. Rbc1 Re5 31. Nb2 Ba3 32. Rd1 Rd5 33. Re4 Rxd1 34. Re8+ Bf8 35. Nxd1 Qd5+ 36. e4 Qxb3 37. Qf4 Re7 38. Rd8 Qe6 39. Qb8 Qxe4+ 40. f3 Qe2+ 41. Nf2 h6 42. Rxf8+ Kh7 43. Rh8+ Kg6 44. Qb1+ f5 45. Rg8 Qb5 46. Qa1 Qe5 47. Qa4 Qb5 48. Qd4 Qe5 49. Qb6 Qc7 50. Qxc7 Rxc7 51. Ra8 c5 52. Rxa5 c4 53. Ra1 c3 54. Rc1 c2 55. Nd3 Rd7 56. Ne5+ 1-0

[Event "Koblenz-ch"]
[Site "Koblenz"]
[Date "1999.12.07"]
[Round "7"]
[White "Bosma, Achim"]
[Black "Jazayeri, Pouyan"]
[Result "1/2-1/2"]
[WhiteElo "1880"]
[BlackElo "1869"]
[PlyCount "115"]
[EventDate "1999.08.31"]
[EventType "swiss"]
[EventRounds "7"]
[EventCountry "GER"]
[SourceTitle "EXT 2005"]
[Source "ChessBase"]
[SourceDate "2004.11.15"]
[SourceVersion "1"]
[SourceVersionDate "2004.11.15"]
[SourceQuality "1"]

1. d4 Nf6 2. Nf3 g6 3. e3 Bg7 4. c4 0-0 5. Nc3 d6 6. Be2 Nc6 7. 0-0 e5 8. d5 Ne7 9. a4 Nd7 10. Qc2 h6 11. a5 f5 12. b4 g5 13. Bb2 Qe8 14. Nb5 Qd8 15. c5 Nf6 16. cxd6 cxd6 17. Qc7 Nfxd5 18. Qxd6 Qxd6 19. Nxd6 e4 20. Nd4 Nxb4 21. Bc4+ Kh7 22. Ba3 Bxd4 23. exd4 Nc2 24. Nxc8 Rfxc8 25. Be6 Re8 26. Bxe7 Nxa1 27. Bxf5+ Kg7 28. Bd6 Kf6 29. Bd7 Red8 30. Be5+ Ke7 31. Ba4 Rd5 32. Rxa1 Rxa5 33. Ra2 Rc8 34. Kf1 b5 35. Rc2 Rxc2 36. Bxc2 Ra1+ 37. Ke2 Ra2 38. Kd1 b4 39. Kc1 b3 40. Bxb3 Rxf2 41. d5 e3 42. Kd1 Rxg2 43. d6+ Kd7 44. Ke1 Rd2 45. Ba4+ Ke6 46. Bg3 h5 47. d7 Ke7 48. Bc7 g4 49. Bf4 Rd5 50. Bg3 Rxd7 51. Bxd7 Kxd7 52. Ke2 Ke6 53. Kxe3 Kf5 54. Bc7 Kg5 55. Ke4 h4 56. Bd8+ Kh5 57. Kf4 g3 58. hxg3 1/2-1/2

[Event "Koblenz-ch"]
[Site "Koblenz"]
[Date "1998.12.08"]
[Round "7"]
[White "Bosma, Achim"]
[Black "Moors, Marco"]
[Result "1-0"]
[WhiteElo "1877"]
[BlackElo "1598"]
[PlyCount "57"]
[EventDate "1998.09.22"]
[EventType "swiss"]
[EventRounds "7"]
[EventCountry "GER"]
[SourceTitle "EXT 2005"]
[Source "ChessBase"]
[SourceDate "2004.11.15"]
[SourceVersion "1"]
[SourceVersionDate "2004.11.15"]
[SourceQuality "1"]

1. d4 d5 2. Nf3 Nf6 3. c4 e6 4. Nc3 Bb4 5. Bg5 Nbd7 6. cxd5 exd5 7. e3 c6 8. a3 Bxc3+ 9. bxc3 Qa5 10. Qb3 Ne4 11. Rc1 Nxg5 12. Nxg5 h6 13. Nf3 0-0 14. Be2 Nf6 15. 0-0 Qc7 16. Ne5 Be6 17. Rb1 Rab8 18. c4 dxc4 19. Bxc4 Bxc4 20. Qxc4 Qd6 21. Qa4 a6 22. Nc4 Qc7 23. Nb6 Rfe8 24. Rfc1 Re6 25. d5 Re4 26. Qc2 Qe7 27. dxc6 bxc6 28. Qxc6 Re6 29. Nd5 1-0

[Event "Koblenz-ch"]
[Site "Koblenz"]
[Date "1998.10.20"]
[Round "3"]
[White "Bosma, Achim"]
[Black "Nebe, Lutz"]
[Result "1-0"]
[WhiteElo "1877"]
[BlackElo "1622"]
[PlyCount "61"]
[EventDate "1998.09.22"]
[EventType "swiss"]
[EventRounds "7"]
[EventCountry "GER"]
[SourceTitle "EXT 2005"]
[Source "ChessBase"]
[SourceDate "2004.11.15"]
[SourceVersion "1"]
[SourceVersionDate "2004.11.15"]
[SourceQuality "1"]

1. d4 d5 2. c4 dxc4 3. Nc3 Nf6 4. Bg5 e6 5. e3 Be7 6. Bxc4 0-0 7. Nf3 b6 8. 0-0 Bb7 9. Qc2 Nbd7 10. Bd3 h6 11. Bf4 Rc8 12. Ne5 Nxe5 13. Bxe5 Bd6 14. Rad1 Qe7 15. Nb5 a6 16. Na7 Ra8 17. Nc6 Qd7 18. Rc1 Bxe5 19. Nxe5 Qd5 20. Nc6 Bxc6 21. Qxc6 Qxc6 22. Rxc6 Nd5 23. a3 Rfd8 24. Rfc1 Rd7 25. g3 a5 26. Be4 Rc8 27. Bxd5 exd5 28. Rxb6 cxb6 29. Rxc8+ Kh7 30. Rc6 Rb7 31. Rd6 1-0

[Event "Koblenz-ch"]
[Site "Koblenz"]
[Date "1997.09.23"]
[Round "2"]
[White "Bosma, Achim"]
[Black "Rosenberger, Frank"]
[Result "1/2-1/2"]
[WhiteElo "1880"]
[BlackElo "2226"]
[PlyCount "86"]
[EventDate "1997.09.16"]
[EventType "swiss"]
[EventRounds "7"]
[EventCountry "GER"]
[SourceTitle "EXT 2005"]
[Source "ChessBase"]
[SourceDate "2004.11.15"]
[SourceVersion "1"]
[SourceVersionDate "2004.11.15"]
[SourceQuality "1"]

1. d4 d5 2. c4 e6 3. Nc3 c6 4. cxd5 exd5 5. Bf4 Bf5 6. Nf3 Nf6 7. g3 Qb6 8. Qb3 Qxb3 9. axb3 Nbd7 10. Bg2 h6 11. h4 Nh5 12. Bc1 Bd6 13. 0-0 0-0 14. Nd2 Nhf6 15. e4 dxe4 16. Ndxe4 Nxe4 17. Bxe4 Bxe4 18. Nxe4 Bb4 19. Be3 Rfe8 20. Nc5 Bxc5 21. dxc5 Nf6 22. Rfe1 Nd5 23. Bd2 a6 24. Ba5 f5 25. Rad1 Kf7 26. Kf1 h5 27. Re2 Rxe2 28. Kxe2 Re8+ 29. Kd3 Re4 30. Re1 Nf6 31. f3 Rxe1 32. Bxe1 Nd7 33. Bf2 Ke6 34. b4 Ne5+ 35. Ke3 Nc4+ 36. Kf4 g6 37. Kg5 Kf7 38. Bd4 Nd2 39. Kf4 Ke6 40. Bc3 Nc4 41. Kg5 Kf7 42. Kf4 Ke6 43. Kg5 Kf7 1/2-1/2